[Event "RUS-ch Higher League (Women) 66th"]
[Site "Kolomna"]
[Date "2016.06.29"]
[Round "7"]
[White "Maslova, Polina"]
[Black "Sukhareva, Evgenia"]
[Result "1-0"]
[WhiteElo "2249"]
[BlackElo "2156"]
[PlyCount "97"]
[EventDate "2016.06.22"]
[EventType "swiss"]
[EventRounds "9"]
[EventCountry "RUS"]
[SourceTitle "CBM 173 Extra"]
[Source "ChessBase"]
[SourceDate "2016.08.29"]
[SourceVersion "1"]
[SourceVersionDate "2016.08.29"]
[SourceQuality "1"]

1. e4 c5 2. Nf3 d6 3. Bb5+ Bd7 4. Bxd7+ Qxd7 5. c4 Nf6 6. Nc3 g6 7. d4 cxd4 8. Nxd4 Bg7 9. f3 0-0 10. Be3 Rc8 11. Qd3 Nc6 12. b3 Nh5 13. 0-0 Nxd4 14. Bxd4 Bxd4+ 15. Qxd4 Rc6 16. Rad1 a6 17. Nd5 Qe8 18. Rfe1 e5 19. Qe3 Qe6 20. Rd3 Nf6 21. Red1 Ne8 22. a4 a5 23. Qd2 b6 24. b4 axb4 25. Qxb4 Qd7 26. Qb5 Kg7 27. Nxb6 Qb7 28. Nxa8 Qxa8 29. Ra3 Nc7 30. Qb3 Ne6 31. a5 Qa6 32. Qb5 Qa7+ 33. Kh1 Nd4 34. Qa4 Qa6 35. Ra2 Rxc4 36. Qa3 Rc5 37. h3 Nc2 38. Qb2 Ne3 39. Rc1 Nc4 40. Qe2 Qc8 41. a6 Nb6 42. Rxc5 dxc5 43. Qb2 Qc6 44. a7 c4 45. Qxb6 Qxb6 46. a8Q c3 47. Qa4 Qe3 48. Qc2 Qc5 49. Ra1 1-0

[Event "RUS-ch Higher League (Women) 66th"]
[Site "Kolomna"]
[Date "2016.06.28"]
[Round "6"]
[White "Ubiennykh, Ekaterina"]
[Black "Maslova, Polina"]
[Result "1-0"]
[WhiteElo "2324"]
[BlackElo "2249"]
[PlyCount "59"]
[EventDate "2016.06.22"]
[EventType "swiss"]
[EventRounds "9"]
[EventCountry "RUS"]
[SourceTitle "CBM 173 Extra"]
[Source "ChessBase"]
[SourceDate "2016.08.29"]
[SourceVersion "1"]
[SourceVersionDate "2016.08.29"]
[SourceQuality "1"]

1. d4 d5 2. c4 e6 3. Nc3 c6 4. e3 Nf6 5. Nf3 Nbd7 6. Bd3 dxc4 7. Bxc4 b5 8. Bd3 a6 9. a4 Bb7 10. 0-0 Be7 11. e4 b4 12. e5 bxc3 13. exf6 Nxf6 14. bxc3 0-0 15. Rb1 Rb8 16. Bf4 Bd6 17. Bg5 c5 18. Qe2 Bc6 19. dxc5 Rxb1 20. Bxb1 Bxc5 21. Qc2 Re8 22. Rd1 Qa5 23. Bxf6 gxf6 24. Qxh7+ Kf8 25. Nh4 Bd5 26. Ng6+ fxg6 27. Bxg6 Bxf2+ 28. Kh1 Bxg2+ 29. Kxg2 Qg5+ 30. Kh1 1-0

[Event "RUS-ch Higher League (Women) 66th"]
[Site "Kolomna"]
[Date "2016.06.23"]
[Round "2"]
[White "Maslova, Polina"]
[Black "Nasybullina, Alfia"]
[Result "1-0"]
[WhiteElo "2249"]
[BlackElo "2143"]
[PlyCount "117"]
[EventDate "2016.06.22"]
[EventType "swiss"]
[EventRounds "9"]
[EventCountry "RUS"]
[SourceTitle "CBM 173 Extra"]
[Source "ChessBase"]
[SourceDate "2016.08.29"]
[SourceVersion "1"]
[SourceVersionDate "2016.08.29"]
[SourceQuality "1"]

1. e4 e6 2. d4 d5 3. Nd2 c5 4. exd5 Qxd5 5. Ngf3 cxd4 6. Bc4 Qd6 7. 0-0 Nf6 8. Nb3 Nc6 9. Nbxd4 Nxd4 10. Nxd4 a6 11. Re1 Be7 12. c3 0-0 13. Bb3 Qc7 14. Bg5 b6 15. Qf3 Bb7 16. Qh3 Ne4 17. Bxe7 Qxe7 18. Bc2 Nf6 19. Re3 Qc5 20. Rae1 Rad8 21. Bb3 Qh5 22. Qxh5 Nxh5 23. g3 Nf6 24. f4 Rd6 25. h3 Rfd8 26. f5 exf5 27. Re7 Be4 28. Rxf7 Kh8 29. Re2 R6d7 30. Rxd7 Rxd7 31. Be6 Rd8 32. Bxf5 Bxf5 33. Nxf5 Rd1+ 34. Kg2 g6 35. Nd4 Kg7 36. Re7+ Kf8 37. Re6 Nh5 38. Nf3 Rc1 39. Nd4 Rd1 40. Nf3 Rc1 41. Re2 Rd1 42. Rd2 Rc1 43. Ne5 Re1 44. Nd7+ Ke8 45. Nxb6 Re3 46. Nd5 Rxg3+ 47. Kh2 Rf3 48. c4 a5 49. c5 Kd7 50. b4 axb4 51. Nxb4+ Kc8 52. c6 Nf4 53. h4 Rh3+ 54. Kg1 Rxh4 55. Na6 Nh3+ 56. Kg2 Ra4 57. Nc5 Rc4 58. Nb7 Rh4 59. Rd7 1-0

[Event "RUS-ch Higher League (Women) 66th"]
[Site "Kolomna"]
[Date "2016.06.22"]
[Round "1"]
[White "Abakarova, Amina"]
[Black "Maslova, Polina"]
[Result "1/2-1/2"]
[WhiteElo "1898"]
[BlackElo "2249"]
[PlyCount "86"]
[EventDate "2016.06.22"]
[EventType "swiss"]
[EventRounds "9"]
[EventCountry "RUS"]
[SourceTitle "CBM 173 Extra"]
[Source "ChessBase"]
[SourceDate "2016.08.29"]
[SourceVersion "1"]
[SourceVersionDate "2016.08.29"]
[SourceQuality "1"]

1. e4 c5 2. Nc3 Nc6 3. g3 g6 4. Bg2 Bg7 5. d3 d6 6. f4 e6 7. Nf3 Nge7 8. Be3 Nd4 9. 0-0 0-0 10. Qd2 Rb8 11. Rae1 b5 12. Qf2 Nec6 13. Nd1 Nb4 14. Bxd4 cxd4 15. a3 Nc6 16. Nh4 Ne7 17. g4 f5 18. exf5 exf5 19. Qe2 Rf7 20. gxf5 Nxf5 21. Nxf5 Rxf5 22. Qe8+ Qxe8 23. Rxe8+ Rf8 24. Bd5+ Kh8 25. Re7 Bh3 26. Rfe1 a5 27. Nf2 Bf5 28. Ne4 Bxe4 29. R1xe4 Rbc8 30. Rb7 Rc5 31. Ree7 Rxd5 32. Rxg7 Rxf4 33. Rxh7+ Kg8 34. Rhg7+ Kf8 35. Rxg6 Rdf5 36. Kg2 Rf2+ 37. Kg3 R5f3+ 38. Kg4 Rf4+ 39. Kg5 Rf5+ 40. Kg4 R5f4+ 41. Kg5 Rf5+ 42. Kg4 R5f4+ 43. Kh5 Rxh2+ 1/2-1/2

[Event "RUS-chT (Women) 18th"]
[Site "Sochi"]
[Date "2016.05.09"]
[Round "8.1"]
[White "Galliamova, Alisa"]
[Black "Maslova, Polina"]
[Result "1/2-1/2"]
[WhiteElo "2475"]
[BlackElo "2095"]
[PlyCount "94"]
[EventDate "2016.05.01"]
[EventType "team-tourn"]
[EventRounds "9"]
[EventCountry "RUS"]
[SourceTitle "CBM 172 Extra"]
[Source "ChessBase"]
[SourceDate "2016.06.21"]
[SourceVersion "1"]
[SourceVersionDate "2016.06.21"]
[SourceQuality "1"]
[WhiteTeam "Tatarstan Ladya (W)"]
[BlackTeam "Togliatti Bukavushki (W)"]
[WhiteTeamCountry "RUS"]
[BlackTeamCountry "RUS"]

1. e4 c5 2. Nc3 Nc6 3. g3 d6 4. Bg2 g6 5. d3 Bg7 6. Nge2 Nf6 7. 0-0 0-0 8. Rb1 Rb8 9. a3 b6 10. f4 Bb7 11. h3 Nd4 12. g4 Nd7 13. f5 b5 14. Be3 Ba8 15. Qd2 a5 16. Bh6 b4 17. Bxg7 Kxg7 18. axb4 axb4 19. Nd1 Nxe2+ 20. Qxe2 Qc7 21. Ne3 f6 22. fxg6 hxg6 23. g5 Ne5 24. gxf6+ Rxf6 25. c3 bxc3 26. bxc3 Rbf8 27. Rxf6 exf6 28. d4 cxd4 29. cxd4 Nf7 30. Qg4 Qc3 31. Nf5+ Kh7 32. Qh4+ Kg8 33. Qg3 Qxg3 34. Nxg3 Bc6 35. Rb6 Rc8 36. Ne2 f5 37. exf5 Bxg2 38. Kxg2 gxf5 39. Ng3 Rc2+ 40. Kf3 Ng5+ 41. Kf4 Ne6+ 42. Kxf5 Nxd4+ 43. Kg6 Kf8 44. Ne4 d5 45. Nf6 Rg2+ 46. Kh5 Nf5 47. Nxd5 Ng7+ 1/2-1/2

[Event "Voronezh op-A 19th"]
[Site "Voronezh"]
[Date "2015.06.19"]
[Round "8"]
[White "Klimentov, Evgeny"]
[Black "Maslova, Polina"]
[Result "0-1"]
[WhiteElo "2196"]
[BlackElo "2047"]
[PlyCount "74"]
[EventDate "2015.06.12"]
[EventType "swiss"]
[EventRounds "9"]
[EventCountry "RUS"]
[SourceTitle "CBM 167 Extra"]
[Source "ChessBase"]
[SourceDate "2015.09.14"]
[SourceVersion "1"]
[SourceVersionDate "2015.09.14"]
[SourceQuality "1"]

1. e4 c5 2. Nf3 d6 3. d4 cxd4 4. Nxd4 Nf6 5. Nc3 Nc6 6. Bc4 e6 7. Be3 Be7 8. 0-0 0-0 9. f4 d5 10. exd5 exd5 11. Be2 Re8 12. Bf2 Bd6 13. f5 Bc5 14. Kh1 Bb6 15. Qd3 Ne4 16. Nxc6 Nxf2+ 17. Rxf2 bxc6 18. Rf3 f6 19. Na4 Bc7 20. Rd1 Qe7 21. Rf2 Bd7 22. c4 Qd6 23. g3 c5 24. Nc3 d4 25. Nd5 Re5 26. g4 Rae8 27. Rdf1 Bb8 28. Bf3 a5 29. Kg1 Kh8 30. b3 Bc6 31. Qd2 a4 32. Rb1 axb3 33. axb3 d3 34. Rbf1 Bxd5 35. cxd5 Re3 36. Bh1 Re2 37. Qxd3 Qxh2+ 0-1

[Event "Voronezh op-A 19th"]
[Site "Voronezh"]
[Date "2015.06.17"]
[Round "6"]
[White "Grigorjev, Iljya"]
[Black "Maslova, Polina"]
[Result "1/2-1/2"]
[WhiteElo "2316"]
[BlackElo "2047"]
[PlyCount "70"]
[EventDate "2015.06.12"]
[EventType "swiss"]
[EventRounds "9"]
[EventCountry "RUS"]
[SourceTitle "CBM 167 Extra"]
[Source "ChessBase"]
[SourceDate "2015.09.14"]
[SourceVersion "1"]
[SourceVersionDate "2015.09.14"]
[SourceQuality "1"]

1. e4 c5 2. Nf3 d6 3. d4 cxd4 4. Nxd4 Nf6 5. Nc3 Nc6 6. f3 e5 7. Nb3 Be7 8. Be3 0-0 9. Qd2 a5 10. Bb5 Be6 11. Rd1 Na7 12. Bd3 Nc8 13. 0-0 Nb6 14. Qf2 Nc4 15. Bxc4 Bxc4 16. Rfe1 Qc8 17. Nc1 Qc6 18. Rd2 b5 19. Red1 b4 20. Nd5 Nxd5 21. exd5 Qb7 22. f4 Bf6 23. b3 Bb5 24. Ne2 Rfe8 25. f5 Rac8 26. g4 h6 27. Qg2 Bxe2 28. Rxe2 Bg5 29. Bf2 Qe7 30. Qe4 Rc3 31. Be1 Rc5 32. Bf2 Rc3 33. Be1 Rc5 34. Bf2 Rc3 35. Be1 Rc5 1/2-1/2

[Event "Voronezh op-A 19th"]
[Site "Voronezh"]
[Date "2015.06.16"]
[Round "5"]
[White "Maslova, Polina"]
[Black "Gritsenko, Vladimir"]
[Result "1-0"]
[WhiteElo "2047"]
[BlackElo "2211"]
[PlyCount "73"]
[EventDate "2015.06.12"]
[EventType "swiss"]
[EventRounds "9"]
[EventCountry "RUS"]
[SourceTitle "CBM 167 Extra"]
[Source "ChessBase"]
[SourceDate "2015.09.14"]
[SourceVersion "1"]
[SourceVersionDate "2015.09.14"]
[SourceQuality "1"]

1. e4 c5 2. Nf3 e6 3. d4 cxd4 4. Nxd4 a6 5. c4 Qc7 6. Nc3 Nf6 7. a3 b6 8. Be3 Bb7 9. f3 d6 10. Rc1 Be7 11. Be2 0-0 12. 0-0 Re8 13. b4 Nbd7 14. Qd2 Rac8 15. Kh1 Qb8 16. Rc2 Bd8 17. Rb1 Bc7 18. Bg1 Kh8 19. Na4 Bd8 20. c5 b5 21. c6 bxa4 22. cxb7 Qxb7 23. Rxc8 Qxc8 24. Qd1 Nb6 25. Rc1 Qa8 26. Nc6 Bc7 27. Ne5 Qb8 28. Nxf7+ Kg8 29. Qc2 Re7 30. Ng5 d5 31. Nxe6 Bd6 32. Nc5 Bf4 33. Nxa6 Qb7 34. Rd1 dxe4 35. Qa2+ Kh8 36. Rd8+ Ne8 37. Qf7 1-0

[Event "Voronezh op-A 19th"]
[Site "Voronezh"]
[Date "2015.06.12"]
[Round "1"]
[White "Maslova, Polina"]
[Black "Esipenko, Andrey"]
[Result "0-1"]
[WhiteElo "2047"]
[BlackElo "2355"]
[PlyCount "90"]
[EventDate "2015.06.12"]
[EventType "swiss"]
[EventRounds "9"]
[EventCountry "RUS"]
[SourceTitle "CBM 167 Extra"]
[Source "ChessBase"]
[SourceDate "2015.09.14"]
[SourceVersion "1"]
[SourceVersionDate "2015.09.14"]
[SourceQuality "1"]

1. e4 c6 2. Nc3 d5 3. Nf3 Bg4 4. h3 Bxf3 5. Qxf3 Nf6 6. d3 e6 7. Bd2 Qb6 8. 0-0-0 d4 9. Ne2 c5 10. g4 Nc6 11. Qg3 c4 12. dxc4 Nxe4 13. Qf4 Nxd2 14. Qxd2 Rd8 15. Ng3 Be7 16. Bd3 0-0 17. h4 Bb4 18. Qg5 Be7 19. Qf4 Nb4 20. Kb1 Qa6 21. a3 Nxd3 22. Rxd3 Qxc4 23. g5 Rd5 24. Ne4 Rc8 25. Rc1 Qc7 26. Qd2 Rcd8 27. f3 Qa5 28. Qg2 Kh8 29. Rg1 Rb5 30. Ka2 Qa4 31. h5 Rc8 32. Rc1 Qc4+ 33. Kb1 Rc6 34. g6 fxg6 35. hxg6 h6 36. Qd2 e5 37. Rh1 Rxg6 38. f4 Rgb6 39. b3 Qc6 40. Nf2 exf4 41. a4 Rb4 42. a5 R6b5 43. Qxf4 Rxa5 44. Rdh3 Rb6 45. Ng4 Rxb3+ 0-1

[Event "Moscow op-B (Women)"]
[Site "Moscow"]
[Date "2015.02.08"]
[Round "9"]
[White "Bodnaruk, Anastasia"]
[Black "Maslova, Polina"]
[Result "1-0"]
[WhiteElo "2402"]
[BlackElo "1996"]
[PlyCount "119"]
[EventDate "2015.01.31"]
[EventType "swiss"]
[EventRounds "9"]
[EventCountry "RUS"]
[SourceTitle "CBM 164 Extra"]
[Source "ChessBase"]
[SourceDate "2015.03.02"]
[SourceVersion "1"]
[SourceVersionDate "2015.03.02"]
[SourceQuality "1"]

1. e4 c5 2. Nc3 Nc6 3. Nf3 e6 4. d4 cxd4 5. Nxd4 Nf6 6. Nxc6 bxc6 7. e5 Nd5 8. Ne4 Qc7 9. f4 Qb6 10. c4 Ne3 11. Qd3 Bb4+ 12. Bd2 Ba6 13. b3 0-0 14. Bxb4 Qxb4+ 15. Kf2 Nd5 16. Ng5 f5 17. g3 Qb6+ 18. Ke1 Rad8 19. Qd2 Nc7 20. Rd1 c5 21. Bg2 Bb7 22. Bxb7 Qxb7 23. Kf2 h6 24. Nf3 Ne8 25. Qe3 Qb6 26. Rhe1 Rf7 27. Kg1 Re7 28. Rd3 d5 29. exd6 Rxd6 30. Nh4 Rxd3 31. Qxd3 Kf7 32. g4 g6 33. gxf5 gxf5 34. Qg3 Qd6 35. Ng6 Rc7 36. Kf1 Nf6 37. Ne5+ Kf8 38. Qh4 Kg7 39. Qg3+ Kf8 40. Qg6 Ng8 41. Qh5 Qd4 42. Qf3 Nf6 43. Rd1 Qe4 44. Rd8+ Ke7 45. Qxe4 Nxe4 46. Rh8 Kd6 47. Rxh6 Nc3 48. a4 Ne4 49. h4 Rg7 50. h5 a5 51. Rh8 Nf6 52. h6 Rb7 53. Ke1 Re7 54. Kd1 Rb7 55. Kc2 Rc7 56. Nf3 Rd7 57. Ng5 e5 58. Rf8 Nh7 59. Nxh7 Rxh7 60. Rf6+ 1-0

[Event "Moscow op-B (Women)"]
[Site "Moscow"]
[Date "2015.02.06"]
[Round "7"]
[White "Khlichkova, Tatiana"]
[Black "Maslova, Polina"]
[Result "0-1"]
[WhiteElo "2257"]
[BlackElo "1996"]
[PlyCount "126"]
[EventDate "2015.01.31"]
[EventType "swiss"]
[EventRounds "9"]
[EventCountry "RUS"]
[SourceTitle "CBM 164 Extra"]
[Source "ChessBase"]
[SourceDate "2015.03.02"]
[SourceVersion "1"]
[SourceVersionDate "2015.03.02"]
[SourceQuality "1"]

1. d4 d5 2. Bg5 f6 3. Bf4 Nc6 4. e3 Bf5 5. Bd3 Bxd3 6. Qxd3 Qd7 7. Nf3 0-0-0 8. Nc3 g5 9. Bg3 h5 10. h4 g4 11. Ng1 e5 12. dxe5 fxe5 13. 0-0-0 Nf6 14. Qb5 a6 15. Qa4 Qe6 16. Nge2 Bc5 17. Rhe1 Rhe8 18. a3 d4 19. exd4 exd4 20. Nb1 Ne4 21. Nd2 Nxg3 22. fxg3 d3 23. cxd3 Bf2 24. Nd4 Qxe1 25. Nxc6 Qe3 26. Nxd8 Rxd8 27. Qf4 Rxd3 28. Kc2 Qxf4 29. gxf4 Rd4 30. f5 Rf4 31. Kd3 Rxf5 32. Rh1 Rd5+ 33. Ke2 Bd4 34. b3 Re5+ 35. Kd3 Bc5 36. Rf1 Re3+ 37. Kc2 Be7 38. Rf5 Bxh4 39. Rxh5 Be7 40. Rh7 Kd8 41. Nc4 Re2+ 42. Kd3 Rxg2 43. Rg7 Rg3+ 44. Ke4 Rxb3 45. Kd5 Rf3 46. Ne5 Rf5 47. Rg8+ Rf8 48. Rxg4 Bxa3 49. Rg7 Bb2 50. Nf7+ Ke8 51. Nd6+ cxd6 52. Rxb7 Be5 53. Ra7 Rf7 54. Rxa6 Ke7 55. Ra7+ Kf6 56. Ra2 Rc7 57. Rf2+ Ke7 58. Ra2 Rc5+ 59. Ke4 Ke6 60. Ra6 Rc4+ 61. Kd3 Rd4+ 62. Ke3 Kf5 63. Ra5 Rc4 0-1

[Event "Moscow op-B (Women)"]
[Site "Moscow"]
[Date "2015.02.02"]
[Round "3"]
[White "Pranizina, Alina"]
[Black "Maslova, Polina"]
[Result "0-1"]
[WhiteElo "1875"]
[BlackElo "1996"]
[PlyCount "82"]
[EventDate "2015.01.31"]
[EventType "swiss"]
[EventRounds "9"]
[EventCountry "RUS"]
[SourceTitle "CBM 164 Extra"]
[Source "ChessBase"]
[SourceDate "2015.03.02"]
[SourceVersion "1"]
[SourceVersionDate "2015.03.02"]
[SourceQuality "1"]

1. e4 c5 2. Nf3 Nc6 3. d4 cxd4 4. Nxd4 Nf6 5. Nc3 e5 6. Nxc6 bxc6 7. Bg5 Be7 8. Bc4 0-0 9. 0-0 d6 10. Qd3 Qc7 11. Rad1 Rd8 12. h3 Bb7 13. Qg3 Nh5 14. Qg4 Bxg5 15. Qxh5 Bf6 16. Qf3 Bc8 17. Rfe1 Be6 18. Bb3 Rd7 19. Rd3 Re8 20. Red1 Qb8 21. Ba4 Rc8 22. Bb3 Bxb3 23. axb3 Re8 24. Qe2 Bd8 25. Na4 Be7 26. Qd2 Rdd8 27. Qa5 f5 28. Nc3 fxe4 29. Nxe4 d5 30. Nc5 e4 31. Re3 Qe5 32. c3 Bh4 33. g3 Be7 34. Nxe4 Qh5 35. Rde1 Rf8 36. Nc5 Qf5 37. R3e2 Rd6 38. Qxa7 Rh6 39. Qd7 Bxc5 40. Qxf5 Rxf5 41. b4 Bb6 0-1

[Event "Moscow op-B (Women)"]
[Site "Moscow"]
[Date "2015.01.31"]
[Round "1"]
[White "Lei, Tingjie"]
[Black "Maslova, Polina"]
[Result "1-0"]
[WhiteElo "2429"]
[BlackElo "1996"]
[PlyCount "31"]
[EventDate "2015.01.31"]
[EventType "swiss"]
[EventRounds "9"]
[EventCountry "RUS"]
[SourceTitle "CBM 164 Extra"]
[Source "ChessBase"]
[SourceDate "2015.03.02"]
[SourceVersion "1"]
[SourceVersionDate "2015.03.02"]
[SourceQuality "1"]

1. c4 e5 2. g3 Nf6 3. Bg2 d5 4. cxd5 Nxd5 5. Nc3 Nb6 6. Nf3 Nc6 7. 0-0 Be7 8. a3 0-0 9. b4 Be6 10. Rb1 f6 11. d3 a5 12. b5 Nd4 13. Nd2 Nd5 14. Bxd5 Bxd5 15. e3 Ne6 16. e4 1-0

[Event "RUS-chT U20"]
[Site "Kolomna"]
[Date "2014.08.06"]
[Round "5"]
[White "Maslova, Polina"]
[Black "Ivanova, Karina"]
[Result "0-1"]
[WhiteElo "1953"]
[BlackElo "2066"]
[PlyCount "104"]
[EventDate "2014.08.02"]
[EventType "swiss"]
[EventRounds "9"]
[EventCountry "RUS"]
[SourceTitle "EXT 2016"]
[Source "ChessBase"]
[SourceDate "2015.10.08"]
[SourceVersion "1"]
[SourceVersionDate "2015.10.08"]
[SourceQuality "1"]

1. e4 c6 2. Nc3 d5 3. Nf3 Bg4 4. h3 Bh5 5. exd5 cxd5 6. Bb5+ Nc6 7. g4 Bg6 8. Ne5 Rc8 9. d4 e6 10. Qe2 Bb4 11. h4 Qb6 12. a3 Bxc3+ 13. bxc3 a6 14. Bxc6+ bxc6 15. h5 Be4 16. f3 Qa5 17. Bb2 f6 18. Nd3 Bxd3 19. Qxe6+ Ne7 20. cxd3 Qc7 21. 0-0-0 Qd7 22. Qe3 Kf7 23. h6 g6 24. Rde1 Rhe8 25. Qf4 Qc7 26. Qd2 g5 27. c4 Ng6 28. Bc3 Rxe1+ 29. Rxe1 Re8 30. Rxe8 Kxe8 31. Qe2+ Qe7 32. Qxe7+ Nxe7 33. Kd2 Ng8 34. Ke3 Nxh6 35. Kf2 Ke7 36. Kg3 Ke6 37. f4 gxf4+ 38. Kxf4 Nf7 39. c5 Ng5 40. Bd2 Kf7 41. Kf5 Ne6 42. Be3 Ng7+ 43. Kf4 Kg6 44. Bd2 Ne6+ 45. Kf3 f5 46. Be3 fxg4+ 47. Kxg4 h5+ 48. Kh4 Ng7 49. Kh3 Nf5 50. Bg1 Kg5 51. Bf2 Kf4 52. Kg2 Kg4 0-1

[Event "RUS-chT U20"]
[Site "Kolomna"]
[Date "2014.08.04"]
[Round "3"]
[White "Maslova, Polina"]
[Black "Styazhkina, Anna"]
[Result "0-1"]
[WhiteElo "1953"]
[BlackElo "2220"]
[PlyCount "94"]
[EventDate "2014.08.02"]
[EventType "swiss"]
[EventRounds "9"]
[EventCountry "RUS"]
[SourceTitle "EXT 2016"]
[Source "ChessBase"]
[SourceDate "2015.10.08"]
[SourceVersion "1"]
[SourceVersionDate "2015.10.08"]
[SourceQuality "1"]

1. e4 e5 2. Nf3 Nc6 3. Bb5 a6 4. Ba4 g6 5. d4 exd4 6. c3 Bg7 7. cxd4 Nge7 8. 0-0 0-0 9. Nc3 b5 10. Bb3 d6 11. h3 h6 12. Be3 Na5 13. Bc2 Nc4 14. Qc1 Nxe3 15. Qxe3 Bb7 16. Rfe1 Qc8 17. Rad1 c5 18. dxc5 dxc5 19. Qf4 Re8 20. h4 c4 21. Re2 Qc5 22. Red2 Bc6 23. Nd4 Bd7 24. Nf5 Bxf5 25. exf5 Nxf5 26. Rd5 Qb4 27. Bxf5 gxf5 28. Qd2 Qe7 29. Rxf5 Rad8 30. Rd5 Rxd5 31. Nxd5 Qxh4 32. g3 Qg4 33. Ne3 Qe4 34. a4 h5 35. axb5 axb5 36. Qd5 Qxd5 37. Rxd5 Re5 38. Rd8+ Kh7 39. Kf1 Rc5 40. Rd2 b4 41. Ke2 b3 42. Nd1 Ra5 43. Rd7 Bxb2 44. Rxf7+ Bg7 45. Rc7 Ra2+ 46. Ke1 c3 47. Nxc3 Rc2 0-1

[Event "Samara Polugaevsky Memorial 4th"]
[Site "Samara"]
[Date "2014.07.10"]
[Round "9"]
[White "Maslova, Polina"]
[Black "Popov, Alexey"]
[Result "1/2-1/2"]
[WhiteElo "1953"]
[BlackElo "2120"]
[PlyCount "92"]
[EventDate "2014.07.02"]
[EventType "swiss"]
[EventRounds "9"]
[EventCountry "RUS"]
[SourceTitle "CBM 161 Extra"]
[Source "ChessBase"]
[SourceDate "2014.08.29"]
[SourceVersion "1"]
[SourceVersionDate "2014.08.29"]
[SourceQuality "1"]

1. e4 e5 2. Nf3 Nc6 3. Bb5 g6 4. d4 exd4 5. c3 Bg7 6. cxd4 a6 7. Ba4 b5 8. Bb3 Bb7 9. Nc3 Na5 10. Bc2 Nf6 11. 0-0 0-0 12. Bg5 h6 13. Bh4 b4 14. Nd5 Bxd5 15. exd5 Nc4 16. Ne5 Nb6 17. Bb3 a5 18. a4 g5 19. Bg3 Nfxd5 20. f4 Ne3 21. Qh5 d5 22. Rf3 Nec4 23. h4 f6 24. Ng4 Qe8 25. Nxh6+ Bxh6 26. Qxh6 g4 27. Re1 Qf7 28. Rf2 Rae8 29. Rxe8 Rxe8 30. Kh2 Re1 31. Rc2 Re3 32. Bxc4 Nxc4 33. f5 Re4 34. b3 Ne3 35. Rxc7 Re7 36. Rxe7 Qxe7 37. Qf4 Kf7 38. Bf2 Nf1+ 39. Kg1 Qe2 40. Qc7+ Kf8 41. Qd8+ Kg7 42. Qd7+ Kf8 43. Qd8+ Kg7 44. Qd7+ Kf8 45. Qd8+ Kg7 46. Qd7+ Kf8 1/2-1/2

[Event "Samara Polugaevsky Memorial 4th"]
[Site "Samara"]
[Date "2014.07.08"]
[Round "7"]
[White "Maslova, Polina"]
[Black "Zherebtsova, Alexandra"]
[Result "1-0"]
[WhiteElo "1953"]
[BlackElo "2146"]
[PlyCount "87"]
[EventDate "2014.07.02"]
[EventType "swiss"]
[EventRounds "9"]
[EventCountry "RUS"]
[SourceTitle "CBM 161 Extra"]
[Source "ChessBase"]
[SourceDate "2014.08.29"]
[SourceVersion "1"]
[SourceVersionDate "2014.08.29"]
[SourceQuality "1"]

1. e4 d5 2. exd5 Qxd5 3. Nc3 Qa5 4. Bc4 Nf6 5. d3 Bg4 6. Nge2 e6 7. Bd2 c6 8. 0-0 Nbd7 9. f3 Bf5 10. Ng3 Bg6 11. f4 Qb6+ 12. Kh1 Bd6 13. Nce4 Nxe4 14. dxe4 0-0-0 15. Qe1 Qc7 16. b4 Rde8 17. Bd3 f6 18. c4 c5 19. a3 Bf7 20. Qe3 h5 21. Bc3 h4 22. Ne2 g5 23. e5 Bf8 24. exf6 gxf4 25. Nxf4 Bh6 26. Qf2 Reg8 27. Rae1 Qd6 28. Rd1 Qc6 29. Qf3 Qc7 30. Rde1 Qd6 31. Be4 Qc7 32. Nd3 h3 33. g3 Rg5 34. Bd2 Rh5 35. Bc3 Bf8 36. Nf4 R5h6 37. Nd3 Bd6 38. bxc5 Nxc5 39. Nxc5 Bxc5 40. Be5 Bh5 41. g4 Qf7 42. gxh5 Rxh5 43. Bg3 Rg5 44. Qf4 1-0

[Event "Voronezh op-A 18th"]
[Site "Voronezh"]
[Date "2014.06.15"]
[Round "4"]
[White "Glukhov, Mikhail"]
[Black "Maslova, Polina"]
[Result "0-1"]
[WhiteElo "2209"]
[BlackElo "1927"]
[PlyCount "102"]
[EventDate "2014.06.12"]
[EventType "swiss"]
[EventRounds "9"]
[EventCountry "RUS"]
[SourceTitle "CBM 160 Extra"]
[Source "ChessBase"]
[SourceDate "2014.07.01"]
[SourceVersion "1"]
[SourceVersionDate "2014.07.01"]
[SourceQuality "1"]

1. e4 c5 2. Nf3 Nc6 3. Bb5 g6 4. 0-0 Bg7 5. c3 Nf6 6. Re1 0-0 7. d4 d5 8. exd5 Qxd5 9. c4 Qd6 10. d5 Na5 11. Qa4 b6 12. Nc3 Bb7 13. Ne4 Nxe4 14. Rxe4 a6 15. Bd7 Nxc4 16. Rxc4 b5 17. Bxb5 axb5 18. Qxb5 Ba6 19. Qxc5 Bxc4 20. Qxc4 Rfd8 21. Bg5 h6 22. Bh4 g5 23. Bg3 Qxd5 24. Qb4 Rxa2 25. Rxa2 Qxa2 26. Qxe7 Rd1+ 27. Ne1 Qe6 28. Qxe6 fxe6 29. Kf1 Bxb2 30. Ke2 Rd5 31. Nd3 Bc3 32. Ke3 Kf7 33. f3 Kf6 34. h4 Kf5 35. hxg5 hxg5 36. Bc7 Bd4+ 37. Ke2 Rd7 38. g4+ Kf6 39. Ba5 Ra7 40. Bd2 Rh7 41. Be3 Rh2+ 42. Nf2 e5 43. Bxd4 exd4 44. Ke1 Rxf2 45. Kxf2 Ke5 46. Kg3 d3 47. f4+ gxf4+ 48. Kf3 Kf6 49. Kf2 Kg5 50. Kf3 d2 51. Ke2 Kxg4 0-1

[Event "EU-ch U14 Girls 23rd"]
[Site "Budva"]
[Date "2013.10.07"]
[Round "8"]
[White "Maslova, Polina"]
[Black "Wagner, Dinara"]
[Result "0-1"]
[WhiteElo "1900"]
[BlackElo "2128"]
[PlyCount "70"]
[EventDate "2013.09.29"]
[EventType "swiss"]
[EventRounds "9"]
[EventCountry "MNE"]
[SourceTitle "EXT 2014"]
[Source "ChessBase"]
[SourceDate "2013.11.20"]
[SourceVersion "1"]
[SourceVersionDate "2013.11.20"]
[SourceQuality "1"]

1. e4 c5 2. Nf3 d6 3. Bb5+ Nc6 4. 0-0 Bd7 5. c3 Nf6 6. Re1 a6 7. Bf1 Bg4 8. h3 Bh5 9. g4 Bg6 10. d4 cxd4 11. cxd4 Bxe4 12. Rxe4 Nxe4 13. d5 Qc7 14. dxc6 bxc6 15. Qc2 Nf6 16. Bg2 d5 17. Bf4 Qb7 18. Nbd2 e6 19. Nb3 Rc8 20. Rc1 c5 21. Nbd4 Be7 22. Ne2 0-0 23. Ng3 Qb4 24. Bd2 Qb6 25. Re1 Bd6 26. Ne5 Qb8 27. f4 Rfd8 28. Ba5 Bc7 29. Bxc7 Qxc7 30. f5 Ne4 31. Rxe4 dxe4 32. Qxe4 Rd5 33. Nxf7 Qxg3 34. Qe2 Rd3 35. Qe5 Rd1+ 0-1

[Event "EU-ch U14 Girls 23rd"]
[Site "Budva"]
[Date "2013.10.06"]
[Round "7"]
[White "Kozubal, Aleksandra"]
[Black "Maslova, Polina"]
[Result "0-1"]
[WhiteElo "1555"]
[BlackElo "1900"]
[PlyCount "78"]
[EventDate "2013.09.29"]
[EventType "swiss"]
[EventRounds "9"]
[EventCountry "MNE"]
[SourceTitle "EXT 2014"]
[Source "ChessBase"]
[SourceDate "2013.11.20"]
[SourceVersion "1"]
[SourceVersionDate "2013.11.20"]
[SourceQuality "1"]

1. d4 d5 2. c4 e6 3. Nc3 c6 4. e3 Nf6 5. Bd3 dxc4 6. Bxc4 b5 7. Bd3 a6 8. Nf3 Nbd7 9. 0-0 c5 10. b3 Bb7 11. Bb2 Bd6 12. Rc1 0-0 13. dxc5 Bxc5 14. Bb1 Qb6 15. Qe2 Rac8 16. Rfd1 Rc7 17. a3 Be7 18. Ng5 Rfc8 19. Nge4 Nxe4 20. Bxe4 Bxe4 21. Nxe4 Rxc1 22. Bxc1 Qc6 23. Ng3 Nc5 24. b4 Na4 25. Qg4 Qc2 26. e4 Nb2 27. Rf1 Nc4 28. f4 Qc3 29. f5 Ne5 30. Qe2 Qd4+ 31. Kh1 Qd3 32. Qf2 Rc2 33. Qf4 Qc3 34. fxe6 fxe6 35. Be3 Qc7 36. Bd4 Bf6 37. Nh5 Nd7 38. Nxf6+ gxf6 39. Bxf6 Qxf4 0-1